000 00594nmm a2200169Ia 4500
008 251105s9999||||xx |||||||||||||||||und||
020 _a9789587711905
041 _aspa
100 _aCardozo, Hernán
245 0 _aContabilidad de entidades de economía solidaria bajo NIIF para PyME: Dinámicas de cuentas, políticas contablesy financieras (5a ed.)
264 _a[Bogotá, Colombia] :
_bEcoe Ediciones,
_c2015
300 _a418 páginas
490 _aCiencias empresariales
650 _aEconomics and Business
856 _uhttps://public.digitaliapublishing.com/a/47096
942 _cCF
999 _c96169
_d96169